| 000 | 01093cam a2200265 a 4500 | ||
|---|---|---|---|
| 005 | 20180313062218.0 | ||
| 008 | 121210s2012 mx ado frn 001 0dspa d | ||
| 020 | _a9786077743712 | ||
| 040 |
_aCO-BoUCM _bspa _cJose A. Gerena (modificó) _dAldemar Mondragón |
||
| 041 | 1 | _aspa | |
| 060 | _aWV 168 | ||
| 100 | 1 |
_aPrado Calleros, Héctor Manuel _940127 |
|
| 245 | 1 | 0 |
_aPráctica de la otorrinolaringología y cirugía de cabeza y cuello _cHéctor Manuel Prado Calleros, José R. Arrieta Gómez, Alejandro Prado Abarca |
| 260 |
_aMéxico _aBuenos Aires _bMédica Panamericana _c2012 |
||
| 300 |
_axx, 1074 páginas _bilustraciones, gráficas y fotos |
||
| 504 | _aIncluye referencias bibliográficas e índices | ||
| 650 | 7 |
_aCabeza _940129 _xCirugía |
|
| 650 | 7 |
_aCuello _xCirugía _912241 |
|
| 650 | 7 |
_aOtorrinolaringología operatoria _920949 |
|
| 650 | 7 |
_aOtorrinolaringología _xDiagnóstico _940131 |
|
| 690 | _aOtorrinolaringología | ||
| 700 | 1 |
_aArrieta Gómez, José R. _940132 |
|
| 700 | 1 |
_aPrado Abarca, Alejandro _940133 |
|
| 942 |
_a15 _cLIBRO _e1 _mP896p _2NLM _hWV 168 _n0 |
||
| 999 |
_c167749 _d167749 |
||